La universidad en los procesos de construcción de nación y en la educación en asuntos públicos / (Registro nro. 6019)

Detalles MARC
000 -LEADER
fixed length control field 00746nam a2200205Ia 4500
003 - CONTROL NUMBER IDENTIFIER
control field OSt
005 - DATE AND TIME OF LATEST TRANSACTION
control field 20200908131943.0
008 - FIXED-LENGTH DATA ELEMENTS--GENERAL INFORMATION
fixed length control field 191128s2009 ck gr 000 0 spa d
040 ## - CATALOGING SOURCE
Original cataloging agency CO-JMCR
Transcribing agency CO-JMCR
041 0# - LANGUAGE CODE
Language code of text/sound track or separate title spa
082 04 - DEWEY DECIMAL CLASSIFICATION NUMBER
Classification number 378 /
Item number M516u
Edition number 23
100 1# - MAIN ENTRY--PERSONAL NAME
Personal name Mejía Gutiérrez, Jaime,
Relator term autor
9 (RLIN) 9956
245 13 - TITLE STATEMENT
Title La universidad en los procesos de construcción de nación y en la educación en asuntos públicos /
Statement of responsibility, etc. Jaime Mejía Gutiérrez
260 ## - PUBLICATION, DISTRIBUTION, ETC.
Place of publication, distribution, etc. Bogotá :
Name of publisher, distributor, etc. Escuela Superior de Administración Pública,
Date of publication, distribution, etc. 2009.
546 ## - LANGUAGE NOTE
Language note spa
650 24 - SUBJECT ADDED ENTRY--TOPICAL TERM
Topical term or geographic name entry element Educación Superior
General subdivision Aspectos sociales
Geographic subdivision Colombia
9 (RLIN) 9957
650 24 - SUBJECT ADDED ENTRY--TOPICAL TERM
Topical term or geographic name entry element Educación Superior
General subdivision Historia
Geographic subdivision Colombia
9 (RLIN) 9958
650 24 - SUBJECT ADDED ENTRY--TOPICAL TERM
Topical term or geographic name entry element Política Educativa
Geographic subdivision Colombia
9 (RLIN) 9959
942 ## - ADDED ENTRY ELEMENTS (KOHA)
Source of classification or shelving scheme Dewey Decimal Classification
Koha item type Books
Existencias
Withdrawn status Lost status Source of classification or shelving scheme Damaged status Not for loan Home library Current library Shelving location Date acquired Source of acquisition Full call number Barcode Date last seen Copy number Price effective from Koha item type
    Dewey Decimal Classification     Biblioteca Pública José María del Castillo y Rada Biblioteca Pública José María del Castillo y Rada General Stacks 11/28/2019 Donación 378 / M516u 430011612 05/16/2024 Ej .1 11/28/2019 Books